Organizational reality (Record no. 81686)

MARC details
000 -LEADER
fixed length control field 00893nam a2200241 a 4500
008 - FIXED-LENGTH DATA ELEMENTS--GENERAL INFORMATION
fixed length control field 120416s1986 ||||||||||||||||| || u
020 ## - INTERNATIONAL STANDARD BOOK NUMBER
International Standard Book Number 0673166635
050 ## - LIBRARY OF CONGRESS CALL NUMBER
Classification number HD 58.7 Fro
100 ## - MAIN ENTRY--PERSONAL NAME
Personal name Frost, Peter J
245 10 - TITLE STATEMENT
Title Organizational reality
246 ## -
-- reports from the firing line
250 ## - EDITION STATEMENT
Edition statement 3rd ed.
260 ## - PUBLICATION, DISTRIBUTION, ETC. (IMPRINT)
Place of publication, distribution, etc London
Name of publisher, distributor, etc Scott, Foresman & Co
Date of publication, distribution, etc 1986
300 ## - PHYSICAL DESCRIPTION
Extent xiv, 629p.
350 ## -
-- 0.00
500 ## - GENERAL NOTE
General note Includes bibliographical references.
650 #0 - SUBJECT ADDED ENTRY--TOPICAL TERM
Topical term or geographic name as entry element MANAGEMENT
650 ## - SUBJECT ADDED ENTRY--TOPICAL TERM
Topical term or geographic name as entry element ORGANIZATIONAL BEHAVIOUR
700 ## - ADDED ENTRY--PERSONAL NAME
Personal name Mitchell, Vance F
700 ## - ADDED ENTRY--PERSONAL NAME
Personal name Nord, Walter R
995 ## - RECOMMENDATION 995 [LOCAL, UNIMARC FRANCE]
-- 0.00
-- CBU-MAIN LIBRARY (Kitwe)
-- 1
-- 9.95
-- 2
-- DAMAGED
-- Main Library Open Access Collection
995 ## - RECOMMENDATION 995 [LOCAL, UNIMARC FRANCE]
-- 0.00
-- CBU-MAIN LIBRARY (Kitwe)
-- 2
-- 9.95
-- 1
-- DAMAGED
-- Main Library Open Access Collection
Holdings
Withdrawn status Lost status Source of classification or shelving scheme Damaged status Not for loan Permanent Location Current Location Shelving location Date acquired Total Checkouts Full call number Barcode Date last seen Copy number Price effective from Koha item type
          CBU-MAIN LIBRARY, KITWE. CBU-MAIN LIBRARY, KITWE.   09/05/2023   HD 58.7 Fro 003596 09/05/2023 1 09/05/2023 MONOGRAPH
          CBU-MAIN LIBRARY, KITWE. CBU-MAIN LIBRARY, KITWE.   09/05/2023   HD 58.7 Fro 003595 09/05/2023 2 09/05/2023 MONOGRAPH